00702nam a22002057a 45000010005000000030006000050050017000110080041000280400027000690500016000960820011001121000032001232450050001552600036002053000025002415050007002665200183002735210018004567000022004743477FISKH20240312100735.0240312b cb ||||| |||| 00| 0 eng d aFISKbeng cFISKdFISK aBJ1661.T37  a248.83 aB. Youngs Bettie / d1948-  aTaste berries for teens / cBettie B. Youngs  aNew York : bScholastic, c2000 a144 pages : c22 cm  aU  aA collection of inspirational stories and poems for and by teenagers, discussing self-worth, friendship, love, attitudes, life goals, making a difference, and coping with stress.8 a970 bLexile  aBettie B. Youngs